PENBUDDHIYUM MATTU PRADHANA KATHAKALUM (Record no. 136349)

MARC details
000 -LEADER
fixed length control field 00522nam a22001817a 4500
003 - CONTROL NUMBER IDENTIFIER
control field OSt
005 - DATE AND TIME OF LATEST TRANSACTION
control field 20241017122846.0
008 - FIXED-LENGTH DATA ELEMENTS--GENERAL INFORMATION
fixed length control field 241017b |||||||| |||| 00| 0 eng d
020 ## - INTERNATIONAL STANDARD BOOK NUMBER
International Standard Book Number 81-264-0557-0
040 ## - CATALOGING SOURCE
Transcribing agency SBCL
082 ## - DEWEY DECIMAL CLASSIFICATION NUMBER
Classification number 894.8123
Item number SAR-P
100 ## - MAIN ENTRY--PERSONAL NAME
Personal name SARASWATHYAMMA, K
245 ## - TITLE STATEMENT
Title PENBUDDHIYUM MATTU PRADHANA KATHAKALUM
260 ## - PUBLICATION, DISTRIBUTION, ETC.
Place of publication, distribution, etc. KOTTAYAM
Name of publisher, distributor, etc. DC BOOKS
Date of publication, distribution, etc. 2003
300 ## - PHYSICAL DESCRIPTION
Extent 102P.
650 ## - SUBJECT ADDED ENTRY--TOPICAL TERM
Topical term or geographic name entry element Literatures of other languages
942 ## - ADDED ENTRY ELEMENTS (KOHA)
Koha item type BOOK
650 ## - SUBJECT ADDED ENTRY--TOPICAL TERM
Source of heading or term Altaic, Uralic, Hyperborean & Dravidian
Form subdivision Literature & rhetoric
Holdings
Withdrawn status Lost status Source of classification or shelving scheme Damaged status Not for loan Home library Current library Date acquired Cost, normal purchase price Total Checkouts Full call number Barcode Date last seen Price effective from Koha item type
    Dewey Decimal Classification     SB LIBRARY SB LIBRARY 17/10/2024 45.00   894.8123 SAR-P 00109954 17/10/2024 17/10/2024 BOOK

Powered by Koha